Hard Capital Cities Quiz - Statistics

General Stats
  • This quiz has been taken 35 times
  • The average score is 12 of 15
Answer Stats
Hint Answer % Correct
The capital of the Kyrgyz nation Bishkek
97%
Sierra Leone's capital Freetown
91%
The capital of Turkmenistan Ashgabat
88%
North Macedonian people all know the capital! Skopje
88%
East Timor's capital Dili
85%
Montenegro's capital city Podgorica
85%
Mali's capital starting with 'B' Bamako
79%
Tajikistan's capital Dushanbe
79%
The capital of Togo Lome
79%
Rhymes with 'Nicaragua' Managua
76%
The capital city of the country east of Guyana Paramaribo
76%
The capital of the south-east asian country starting with 'L' Vientiane
74%
The capital city of the country next to Ethiopia Asmara
68%
Capital city of a country in Central America that starts with 'H' Tegucigalpa
68%
The capital city of the country with 'Douala' in it Yaounde
47%
No matching quizzes found
Score Distribution
Percent of People with Each Score
Percentile by Number Answered
Your Score History
You have not taken this quiz